000 00991cab a2200325 4500
001 WB3205-67
008 090401t1996 xxu||||| |||| 00| 0 eng d
035 _a(Sirsi) u14459
041 _aeng
245 _aUrban transport across Europe
260 _c1996
350 _a0
490 _aEuropean
_v1-7 February 1996, 4(2)
520 _aExamines good and bad aspects of the European transport network and European Commission attempts to start debate on future transport policy under the `Citizens Network` campaign. Focuses on Rome, Stockholm, Vienna, Berlin, Athens and London.
650 _aATHENS
650 _aBERLIN
650 _aCITIZENS NETWORK
650 _aCITY-CENTRE TRAFFIC
650 _aEUROPE
650 _aLONDON
650 _aPUBLIC TRANSPORT
650 _aROME
650 _aSTOCKHOLM
650 _aTRANSPORT POLICY
650 _aVIENNA
690 _aOVERSEAS-EUROPE
690 _aTRANSPORT AND COMMUNICATIONS
942 _n0
948 _c04/03/1997
999 _c9422
_d9422